000 00552nam a2200181Ia 4500
003 GCL
008 140319s9999 xx 000 0 ara d
040 _aGCL /
_cGCL
082 0 4 _a813.03
_bت س
100 1 _aتوفيق الحكيم
245 1 0 _aسليمان الحكيم /
_cتوفيق الحكيم
260 _aالقاهرة :
_bمكتبة مصر ،
_c1988
300 _a160 ص ؛
_c19 سم
490 _aمكتبة توفيق الحكيم الشعبية
_v20
650 0 4 _aالادب العربى
650 0 4 _aالقصة
942 _2ddc
_cBK
999 _c32304
_d32304